00361nam a2200121Ia 4500082001200000100002300012245006400035260002700099300000900126650002900135650002400164710005100188 aRL.0019 aLele, Medha Kotwal 0aWomen and radicalism in Maharashtra : Continuity and change c1994bICSSR, New Delhi av.p. aRADICALISM - MAHARASHTRA aWOMEN - MAHARASHTRA aShankar Brahme Samajvidnyana Granthalaya, Pune